A comparative ananlysis of Japanese and German economic success
Gardado en:
| Formato: | Libro |
|---|---|
| Idioma: | Undetermined |
| Publicado: |
New York
Springer
1997
|
| Những chủ đề: | |
| Các nhãn: |
Engadir etiqueta
Sen Etiquetas, Sexa o primeiro en etiquetar este rexistro!
|
| Thư viện lưu trữ: | Trung tâm Học liệu Trường Đại học Cần Thơ |
|---|
| LEADER | 00487nam a2200169Ia 4500 | ||
|---|---|---|---|
| 001 | CTU_97329 | ||
| 008 | 210402s9999 xx 000 0 und d | ||
| 082 | |a 309 | ||
| 082 | |b C736 | ||
| 245 | 2 | |a A comparative ananlysis of Japanese and German economic success | |
| 260 | |a New York | ||
| 260 | |b Springer | ||
| 260 | |c 1997 | ||
| 650 | |a Japan,German | ||
| 650 | |x Economic conditions,Economic conditions | ||
| 904 | |i Tuyến | ||
| 980 | |a Trung tâm Học liệu Trường Đại học Cần Thơ | ||